[Event "Lotto POL-ch 2018"]
[Site "Warsaw"]
[Date "2018.05.15"]
[Round "4"]
[White "Mista, Aleksander"]
[Black "Gajewski, Grzegorz"]
[Result "1-0"]
[WhiteElo "2590"]
[BlackElo "2599"]
[Annotator "TA"]
[PlyCount "95"]
[EventDate "2018.??.??"]
[EventType "tourn"]
[EventCountry "POL"]
[SourceTitle "playchess.com"]
[Source "ChessBase"]
[SourceQuality "1"]

{[%evp 11,95,2,6,7,14,13,22,1,24,18,35,27,62,47,55,42,84,79,94,83,81,78,74,55,63,19,69,59,93,79,159,36,37,20,68,46,39,42,46,45,58,39,36,43,58,-36,0,-4,1,-7,0,-8,-25,-32,-10,-57,-83,-93,345,327,326,318,306,298,285,319,297,227,490,477,489,455,459,441,507,506,590,576,558,517,795,772,988,965,934,930]} 1. e4 e5 2. Nf3 Nc6 3. Bb5 Nf6 4. d3 Bc5 5. c3 O-O 6. Bg5 {C65: Ruy Lopez: Berlin Defence (3...Nf6), unusual lines and 4 0-0 Bc5} (6. O-O Re8 7. Nbd2 a6 8. Bxc6 dxc6 9. Nc4 Bd6 10. Bg5 b5 11. Ne3 Qe7 12. Nh4 Qe6 13. Nhf5 Bf8 {½-½ (53) Caruana,F (2804)-Nakamura,H (2787) Saint Louis 2018}) 6... Be7 {LiveBook: 3 Games} 7. O-O d6 8. Nbd2 {The position is equal.} Bd7 $146 ({Predecessor:} 8... h6 9. Bxf6 Bxf6 10. Bxc6 bxc6 11. d4 exd4 12. cxd4 c5 13. e5 dxe5 14. dxe5 {0-1 (27) Petenyi,T (2445)-Michalik,P (2570) Slovakia 2015}) 9. a4 Ng4 10. Bxe7 Qxe7 11. h3 Nh6 12. d4 a6 13. Bd3 g6 14. Nc4 {[%cal Bd2c4,Bc4e3,Be3d5][%mdl 32]} Rae8 15. Qb3 Rb8 16. Ne3 Kg7 17. Nd5 Qd8 18. dxe5 dxe5 19. a5 f5 20. Rfe1 Nf7 ({Better is} 20... f4) 21. Qc2 (21. exf5 $1 $16 Bxf5 22. Bxf5 gxf5 23. c4) 21... f4 $14 22. Be2 h5 23. Red1 g5 24. Nh2 Rh8 25. Rd3 {Hoping for Rad1.} g4 $1 26. Rad1 {And now Nxc7! would win.} Qg5 $1 27. Nxc7 Bc8 $1 28. Qb3 ({Only move:} 28. Rd7 $1 $14 Bxd7 29. Rxd7) 28... Qg6 {Threatens to win with ...gxh3.} 29. h4 Nxa5 30. Qa2 $132 {[%mdl 2048] White is fighting back} Nc6 31. R3d2 b5 32. Qa3 Rb7 ({Much worse is} 32... Qxe4 $6 33. Bd3 $16) 33. Rd6 Nxd6 34. Rxd6 Qxe4 $2 {[%mdl 8192] [#]} (34... Qf7 $1 $17 {keeps the pressure on.} 35. Nd5 b4 $1 {[%mdl 512]} 36. cxb4 Nd4) 35. Bd3 $1 $18 {[%cal Rd3e4]} b4 (35... Qe1+ 36. Nf1 $16) 36. Qa1 Qxd3 37. Rxd3 {aiming for Nd5.} Rxc7 38. Rd6 Re8 39. Qd1 {Strongly threatening Qd5.} Be6 $2 (39... bxc3 40. bxc3 Bf5) 40. Qa4 {White is clearly winning.} Bd7 {[#]} 41. Rxd7+ $1 {[%mdl 512]} Rxd7 42. Qxc6 Ree7 43. cxb4 e4 {intending ...e3.} 44. Nf1 g3 45. Qc5 e3 (45... gxf2+ $142 46. Kxf2 Kf8 47. Qxh5 Rc7 48. Qf5+ Kg8) 46. Qg5+ Kh8 47. Qxh5+ Kg8 48. fxe3 {Precision: White = 50%, Black = 45%.} 1-0

[Event "Lotto POL-ch 2018"]
[Site "Warsaw"]
[Date "2018.05.15"]
[Round "4"]
[White "Sadzikowski, Daniel"]
[Black "Socko, Bartosz"]
[Result "0-1"]
[WhiteElo "2588"]
[BlackElo "2593"]
[Annotator "TA"]
[PlyCount "80"]
[EventDate "2018.??.??"]
[EventType "tourn"]
[EventCountry "POL"]
[SourceTitle "playchess.com"]
[Source "ChessBase"]
[SourceQuality "1"]

{[%evp 13,80,8,12,9,6,16,22,23,21,21,21,21,22,19,21,11,36,22,33,27,66,64,79,73,76,71,77,64,73,68,106,68,89,77,77,65,76,79,66,67,93,33,23,19,50,48,58,0,21,-62,-63,-62,-62,-93,-94,-181,-175,-172,-165,-600,0,-29986,-29987,-29987,-29988,-29988,-336,-319,-263]} 1. d4 Nf6 2. c4 e6 3. g3 d5 4. Bg2 Bb4+ 5. Nd2 O-O 6. Ngf3 b6 7. O-O Bb7 8. b3 {E16: Queen's Indian: 4 g3 Bb7 5 Bg2 Bb4+} Nbd7 (8... c5 9. Bb2 Nbd7 10. a3 Bxd2 11. Nxd2 cxd4 12. Bxd4 Rc8 13. b4 Qe7 14. Rc1 Rfd8 15. Qb3 dxc4 16. Nxc4 Bxg2 17. Kxg2 {0-1 (55) Ding,L (2777)-Carlsen,M (2837) Riadh 2017}) 9. Bb2 Qe7 10. a3 $146 {The position is equal.} ({Predecessor:} 10. Ne5 Rfd8 11. Nd3 Bd6 12. e3 Rab8 13. Rc1 Ne4 14. cxd5 exd5 15. Re1 c5 16. dxc5 bxc5 {0-1 (34) Meier,G (2621)-Hou,Y (2649) Karlsruhe/Baden-Baden 2017}) 10... Bd6 11. Nh4 g6 12. cxd5 exd5 13. Nc4 Rfe8 14. Re1 Ne4 15. Nxd6 Qxd6 16. Nf3 Ndf6 17. Ne5 h5 18. f3 Ng5 19. Qd2 Ne6 20. Rad1 Rad8 21. b4 a6 22. Qc3 Qf8 23. Qc2 h4 24. e3 Qh6 25. g4 h3 26. Bf1 Nd7 27. Nxd7 (27. Nd3 $16) 27... Rxd7 $14 28. Qf2 Rde7 29. f4 Bc6 30. Rc1 Bb5 31. Bxb5 (31. Qg3 $1 $11) 31... axb5 $15 32. Qg3 Nd8 33. Qf3 Nb7 34. Qxd5 (34. Kh1 $17 {might work better.}) 34... Rxe3 $19 35. Rxe3 Rxe3 $40 {[%mdl 128] Black goes for the king.} 36. Qxb7 $2 (36. Qg5 Qxg5 37. fxg5) 36... Qxf4 $2 (36... Qh4 $1 $19 {( -> ...Re1+)} 37. Rf1 (37. Qc8+ $2 Kh7 $19) 37... Qxg4+ 38. Kh1 Re2) 37. Qa8+ $2 {[%mdl 8192] [#]} (37. Qc8+ $11 Kh7 38. d5 Rg3+ 39. hxg3 Qxg3+ 40. Kf1 Qf3+ 41. Ke1 Qe3+ 42. Kf1 Qf3+ 43. Ke1 Qe3+ 44. Kf1 Qf3+) 37... Kh7 $1 38. Rf1 Qxg4+ 39. Kh1 Qe6 $2 (39... Qd7 {mates} 40. Qb7 {[#]} Qf5 $3 {[%mdl 512]} 41. Kg1 Qg4+ 42. Kh1 Re4 43. Rxf7+ Kg8 44. Rg7+ Kxg7 45. Qxc7+ Kh6 46. Bc1+ g5 47. Qc6+ Kh5 48. Qh6+ Kxh6 49. Bxg5+ Qxg5 50. d5 Qg2#) 40. Kg1 {If White can now play Qh8+ this consolidates a bit.} Re2 {Precision: White = 45%, Black = 49%.} ({And not} 40... c6 41. Qh8+ Kxh8 42. d5+ Qe5 43. Bxe5+ Rxe5 44. dxc6 $11) 0-1

[Event "Lotto POL-ch 2018"]
[Site "Warsaw"]
[Date "2018.05.16"]
[Round "5"]
[White "Duda, Jan-Krzysztof"]
[Black "Mista, Aleksander"]
[Result "1-0"]
[WhiteElo "2724"]
[BlackElo "2590"]
[Annotator "TA"]
[PlyCount "109"]
[EventDate "2018.??.??"]
[EventType "tourn"]
[EventCountry "POL"]
[SourceTitle "playchess.com"]
[Source "ChessBase"]
[SourceQuality "1"]

{[%evp 26,109,40,33,46,37,33,43,41,19,15,3,12,20,20,15,21,20,36,12,22,9,11,16,30,26,39,0,0,-104,0,0,53,23,110,95,106,109,121,104,104,104,152,52,26,23,130,88,139,56,77,16,13,35,11,0,0,0,0,0,99,92,100,71,61,87,123,106,166,165,150,106,891,899,842,860,826,824,751,680,1478,1449,1274,1027,12841,12842]} 1. e4 c5 2. Nf3 d6 3. d4 cxd4 4. Nxd4 Nf6 5. Nc3 g6 6. Be3 Bg7 7. f3 Nc6 8. Qd2 O-O 9. O-O-O d5 10. Qe1 e5 11. Nxc6 bxc6 12. exd5 Nxd5 13. Bc4 Be6 14. Kb1 {LiveBook: 47 Games. B76: Sicilian Dragon: Yugoslav Attack, 9 g4 and 9 0-0-0} h6 (14... Rb8 15. Ne4 Qc7 16. Bc5 Rfd8 17. g4 h6 18. Bb3 a5 19. Rg1 Rd7 20. h4 Rbd8 21. a4 Nf4 22. Rxd7 Rxd7 23. Bxe6 Nxe6 {½-½ (32) Anand,V (2776)-Nakamura,H (2787) Moscow 2018}) 15. Bc5 Re8 16. Ne4 {White is slightly better.} f5 17. Bb3 $146 {With the idea Nd6.} ({Predecessor:} 17. Nd6 Re7 18. Bb3 Rd7 19. c4 Rxd6 20. Bxd6 Qxd6 21. Qa5 Rd8 22. cxd5 cxd5 23. Qxa7 e4 24. Rc1 Qe5 25. Rc3 Kh7 26. Rhc1 {½-½ (26) Noble,M (2498)-Gonzalez Rabago,N (2457) ICCF email 2014}) 17... fxe4 18. fxe4 Qc7 19. exd5 cxd5 20. Rxd5 Kh7 $1 21. Bd6 Qb6 22. Rd2 e4 23. Ba3 Bxb3 24. axb3 e3 25. Rd6 $36 {[%mdl 2048] White is pushing.} Qb5 26. Qb4 Qf5 {Threatens to win with ...a5.} 27. g4 (27. Qc4 $11 {keeps the balance.}) 27... Qe5 (27... Qf3 $17 28. Re1 Qf2) 28. Re1 $11 a5 ({Black should play} 28... Qxh2 $11 29. Qb7 Qf2) 29. Qc5 Qf4 (29... Qxh2 $11 30. Rd7 Qe5) 30. Rd7 $1 $16 Rad8 31. Rxd8 $1 Rxd8 32. Qxe3 (32. Rxe3 {gets mated.} Rd1+ 33. Ka2 Qf1 34. Re1 Qxe1 35. b4 a4 36. h3 Ra1#) 32... Qxg4 33. Ka2 Qg2 34. c3 (34. Qb6 $16 Rd7 35. Re8) 34... Qxh2 $14 35. Qa7 {Black must now prevent Re7.} Qb8 (35... a4 $1 $11) 36. Qxa5 $16 Rd7 (36... Re8 $142 37. Rxe8 Qxe8) 37. Re6 (37. Qa4 $16 Ra7 38. Re8) 37... Qg3 38. Re7 (38. b4 $16) 38... Rxe7 $11 39. Bxe7 h5 40. Qd8 Qf2 {aiming for ...Bxc3.} 41. Qc7 Kh6 42. Bd6 Qf5 (42... Qe2 $11 {remains equal.}) 43. b4 $1 $16 {[%cal Bb3b4,Bb4b5,Bb5b6][%mdl 32]} Qd5+ 44. Ka3 h4 45. Qc5 Qa8+ {[#]} 46. Kb3 $1 {b5 is the strong threat.} Qg2 (46... Qf3 $16 {is a better defense.}) 47. b5 {And now b6 would win.} h3 48. Qc6 Kh5 $2 {[%mdl 8192] [#]} (48... Qd2 $16) 49. Qxg2 $1 $18 {White is clearly winning.} hxg2 {[%mdl 4096] Endgame KB-KB} 50. Bc5 Kg4 51. Kc4 Be5 52. b6 Kh3 53. Kd5 Bb8 54. c4 Kh2 55. Bd4 {Precision: White = 51%, Black = 40%.} 1-0

[Event "Lotto POL-ch 2018"]
[Site "Warsaw"]
[Date "2018.05.16"]
[Round "5"]
[White "Bartel, Mateusz"]
[Black "Krasenkow, Michal"]
[Result "1/2-1/2"]
[WhiteElo "2604"]
[BlackElo "2628"]
[Annotator "TA"]
[PlyCount "97"]
[EventDate "2018.??.??"]
[EventType "tourn"]
[EventCountry "POL"]
[SourceTitle "playchess.com"]
[Source "ChessBase"]
[SourceQuality "1"]

{[%evp 18,97,29,27,29,16,42,32,39,31,37,22,38,21,45,11,6,4,10,7,24,25,28,0,0,0,17,9,21,10,17,21,24,0,33,0,38,0,43,33,42,11,38,-4,-11,-14,-12,-75,-69,-75,-76,-92,-77,-62,-18,-21,0,0,12,0,17,14,10,0,0,0,0,0,0,0,40,0,0,-4,-4,-10,0,0,0,0,0,0]} 1. e4 {[%cal Be2e4,Be4e5][%mdl 32]} c6 2. d4 d5 3. e5 Bf5 4. Nd2 e6 5. Nb3 Nd7 6. Nf3 Ne7 {B12: Caro-Kann: Advance Variation} (6... c5 7. dxc5 a6 8. Be3 Ne7 9. Be2 Be4 10. Ng5 Nxe5 11. Nxe4 dxe4 12. c3 Nf5 13. Bd4 Nc6 14. O-O {½-½ (41) Anand,V (2776)-Caruana,F (2784) Karlsruhe/Baden-Baden 2018}) 7. Be2 h6 8. a4 Bh7 9. a5 a6 10. O-O {LiveBook: 9 Games} Rc8 11. c3 Ng6 12. Be3 c5 $146 ({Predecessor:} 12... Be7 13. g3 O-O 14. c4 dxc4 15. Bxc4 {½-½ (51) Tologontegin,S (2338)-Lintchevski,D (2562) St Petersburg 2012}) 13. Ne1 {[%cal Bf3e1,Be1d3,Bd3f4][%mdl 32]} cxd4 14. cxd4 Ne7 15. Nd3 Nc6 16. Nf4 Be7 17. Bd3 Bxd3 18. Nxd3 O-O 19. Qg4 {Hoping for Bxh6.} Kh7 20. Qh3 (20. Bd2 {seems wilder.} Rh8 21. g3 Qg8 22. Rac1 g6 23. h4) 20... Nb4 21. Bd2 Nxd3 22. Qxd3+ Kg8 23. Rae1 Qc7 24. Qg3 {Strongly threatening Bxh6.} Kh7 25. Qd3+ Kg8 26. Qg3 {Black must now prevent Bxh6.} Kh7 27. Qd3+ (27. Rc1 {with more complications.} Qb8 28. f4 f5 29. exf6 Nxf6 30. Qd3+) 27... Kh8 28. Rc1 Qb8 29. Bc3 b5 30. axb6 Qxb6 31. Nd2 Qb5 32. Qh3 {[#]} (32. Qxb5 $11 {remains equal.} axb5 33. Nf3) 32... Nb6 $1 $17 33. f4 {[#]} Na4 $1 34. f5 exf5 35. Qxf5 Bg5 36. Rb1 Rc6 37. Nf3 Be7 38. Bd2 Nb6 39. b3 Kg8 40. Ra1 Rg6 41. Qb1 Na8 42. Ba5 Rc6 43. Qf5 Qb7 (43... Nb6 {keeps more tension.} 44. Bd2) 44. Bd2 Qc8 {The position is equal.} 45. Qd3 Nc7 46. Rfc1 Nb5 47. Rxc6 Qxc6 48. Rc1 Qe6 49. h3 {Precision: White = 48%, Black = 52%.} 1/2-1/2

[Event "Lotto POL-ch 2018"]
[Site "Warsaw"]
[Date "2018.05.16"]
[Round "5"]
[White "Gajewski, Grzegorz"]
[Black "Wojtaszek, Radoslaw"]
[Result "1/2-1/2"]
[WhiteElo "2599"]
[BlackElo "2750"]
[Annotator "TA"]
[PlyCount "81"]
[EventDate "2018.??.??"]
[EventType "tourn"]
[EventCountry "POL"]
[SourceTitle "playchess.com"]
[Source "ChessBase"]
[SourceQuality "1"]

{[%evp 17,81,45,52,13,15,17,15,7,25,16,43,0,31,36,43,43,39,39,45,21,45,18,18,20,18,14,16,12,12,12,12,12,12,11,18,0,18,8,8,8,18,18,19,19,25,0,0,0,0,0,0,0,0,0,0,0,0,0,0,0,0,0,0,0,0,0]} 1. d4 Nf6 2. c4 e6 3. Nf3 d5 4. Nc3 dxc4 5. e4 b5 (5... Bb4 6. Bg5 h6 7. Bxf6 Qxf6 8. Bxc4 c5 9. O-O cxd4 10. e5 Qd8 11. Ne4 O-O 12. Qe2 Be7 13. Rad1 Qc7 14. Bd3 Nd7 15. Rc1 Qa5 16. g4 Nxe5 17. Nxe5 Qxe5 {0-1 (37) Aronian,L (2794)-Caruana,F (2784) Berlin 2018}) 6. e5 {D24: Queen's Gambit Accepted: 3 Nf3 Nf6 4 Nc3} Nd5 7. Nxb5 Nb6 8. Be2 Nc6 9. O-O Be7 {LiveBook: 12 Games} 10. Na3 Bxa3 $146 ({Predecessor:} 10... Qd5 11. Nc2 Bb7 12. b3 cxb3 13. Ne3 Qd7 14. axb3 O-O 15. Nc2 a5 16. Bg5 Rfd8 17. Bxe7 {½-½ (17) Riazantsev,A (2661)-Buhmann,R (2625) Germany 2017}) 11. bxa3 Bb7 12. Be3 Ne7 {[%cal Bc6e7,Be7d5,Bd5c3][%mdl 32]} 13. Nd2 Ned5 14. Bf3 ({Not} 14. Nxc4 $2 Nc3 $19) 14... Nc3 15. Qc2 Bxf3 16. Nxf3 Ncd5 17. Nd2 $1 Qe7 18. Nxc4 O-O 19. a4 Nxc4 20. Qxc4 Qa3 21. Bd2 Nb6 22. Qb3 Qxa4 23. Qxa4 Nxa4 24. Rfc1 Rfc8 25. Rab1 Nb6 $1 26. Rb3 Nd5 27. Rb7 Rcb8 28. Rcb1 Rxb7 29. Rxb7 $11 {[%mdl 4096] Endgame KRB-KRN} Kf8 30. Kf1 Ke7 31. g4 Kd7 {[#] White must now prevent ...Nb6.The position is equal.} 32. Rb3 (32. Rb1 {seems wilder.} a5 33. Ke2 a4 34. h4 g6 35. Kd3) 32... a5 33. Rh3 h6 34. Ke2 a4 35. Rf3 Ke7 36. Kd1 Rb8 37. Kc1 Rb6 38. Kc2 Rc6+ 39. Kd3 Rb6 40. Kc2 Rc6+ 41. Kd3 {Precision: White = 73%, Black = 73%.} 1/2-1/2

[Event "Lotto POL-ch 2018"]
[Site "Warsaw"]
[Date "2018.05.16"]
[Round "5"]
[White "Socko, Bartosz"]
[Black "Piorun, Kacper"]
[Result "0-1"]
[WhiteElo "2593"]
[BlackElo "2633"]
[Annotator "TA"]
[PlyCount "105"]
[EventDate "2018.??.??"]
[EventType "tourn"]
[EventCountry "POL"]
[SourceTitle "playchess.com"]
[Source "ChessBase"]
[SourceQuality "1"]

{[%evp 15,105,16,14,0,12,-15,14,-8,25,0,20,12,15,11,27,21,23,27,21,20,49,19,18,20,21,0,0,0,0,-9,0,0,0,0,0,-36,-39,-344,-357,-469,-470,-485,-458,-478,-484,-485,-485,-477,-476,-479,-475,-479,-465,-468,-454,-473,-467,-470,-460,-493,-445,-429,-430,-422,-416,-547,-554,-558,-532,-543,-531,-502,-479,-731,-731,-701,-688,-6103,-5622,-5535,-5338,-1650,-1586,-5111,-5273,-29962,-29962,-29988,-29989,-29989,-29990,-29990]} 1. c4 e5 2. g3 Nc6 3. Bg2 g6 4. Nc3 Bg7 5. d3 d6 6. e4 f5 7. Nge2 Nf6 8. O-O O-O {LiveBook: 436 Games} 9. Be3 {A26: English Opening vs King's Indian with ...Nc6 and d3} (9. Nd5 fxe4 10. dxe4 Bg4 11. h3 Bxe2 12. Qxe2 Nd4 13. Qd3 Nd7 14. Be3 c6 15. Nc3 Nc5 16. Qd1 a5 17. f4 {½-½ (35) Ponkratov,P (2605)-Kobalia,M (2599) Moscow 2018}) 9... Be6 10. Qd2 $146 ({Predecessor:} 10. Nd5 Qd7 11. Rb1 a5 12. b3 Rae8 13. a3 Rf7 14. b4 axb4 15. axb4 Ng4 16. Bc1 Nd4 {0-1 (41) Hallman,V (2013)-Ilmoni,T (2081) Finland 2015}) 10... Qd7 11. exf5 {The position is equal.} gxf5 12. Nd5 Bxd5 13. cxd5 Ne7 14. Nc3 Ng4 15. Bg5 h6 16. Bxe7 Qxe7 17. Rae1 Qd7 18. f3 Nf6 19. f4 Rae8 20. Bh3 exf4 21. Qxf4 Ng4 22. Kh1 h5 23. Rxe8 Qxe8 24. Qg5 Kh7 {White must now prevent ...Bh6.} 25. Bxg4 fxg4 26. Rxf8 $4 {[%mdl 8192]} (26. Kg1 $15) 26... Qxf8 $19 {[%cal Rf8f1] [#]} 27. Qxh5+ Kg8 {[%cal Rf8f1]} 28. h3 Qf1+ 29. Kh2 Qf2+ 30. Kh1 Qe1+ 31. Kg2 Qd2+ 32. Kf1 Qc1+ 33. Ke2 Qxb2+ 34. Ke3 Qxc3 35. Qe8+ Bf8 {[#] And now ...Qe1+ would win.} 36. Qe6+ Kh8 37. Qc8 Qe1+ 38. Kf4 Qe5+ 39. Kxg4 Qd4+ 40. Kh5 Qxd5+ 41. Kg4 Qd4+ 42. Kh5 Qe5+ 43. Kg4 Kg7 44. Qxc7+ (44. Kf3 $142 d5 45. Qg4+ Kh6 46. Kg2) 44... Kg6 {( -> ...Qf5+)} 45. Kf3 Qd5+ 46. Ke2 Qxa2+ 47. Kd1 Qb3+ 48. Ke2 Qe6+ 49. Kd1 Qxh3 50. Qxb7 Qf1+ {Black mates.} 51. Kd2 Bh6+ 52. Kc3 Qc1+ 53. Kd4 {Precision: White = 38%, Black = 61%.} 0-1

[Event "Lotto POL-ch 2018"]
[Site "Warsaw"]
[Date "2018.05.16"]
[Round "5"]
[White "Tomczak, Jacek"]
[Black "Sadzikowski, Daniel"]
[Result "1/2-1/2"]
[WhiteElo "2589"]
[BlackElo "2588"]
[Annotator "TA"]
[PlyCount "51"]
[EventDate "2018.??.??"]
[EventType "tourn"]
[EventCountry "POL"]
[SourceTitle "playchess.com"]
[Source "ChessBase"]
[SourceQuality "1"]

{[%evp 25,51,0,23,0,38,0,0,0,0,0,0,-9,0,-15,-10,-12,-5,-20,0,0,0,0,0,0,0,-8,0,0]} 1. e4 c5 2. Nf3 d6 3. d4 cxd4 4. Nxd4 Nf6 5. Nc3 a6 6. Bg5 e6 7. f4 h6 8. Bh4 Qb6 9. a3 Be7 {B96: Sicilian Najdorf: 6 Bg5 e6 7 f4, lines other than 7...Qb6 and 7...Be7} 10. Bf2 Qc7 11. Qf3 Nbd7 12. O-O-O b5 13. g4 Bb7 {LiveBook: 21 Games} 14. Bg2 g5 15. Qh3 (15. h4 gxf4 16. g5 Ne5 17. Qxf4 hxg5 18. hxg5 Rxh1 19. Rxh1 {0-1 (59) Karjakin,S (2760)-Vachier Lagrave,M (2789) London 2017}) 15... O-O-O {The position is equal.} 16. fxg5 hxg5 17. Qg3 Ne5 $146 18. h3 Kb8 19. Rhf1 Rc8 20. Bg1 {With the idea Rxf6!} Nfd7 21. Kb1 Rhf8 22. Qf2 Qb6 23. Qe1 {[#] Hoping for Nxe6!} Qc7 24. Qf2 Qb6 25. Qe1 {Threatens to win with Nxe6!} Qc7 26. Qf2 {Precision: White = 74%, Black = 56%.} 1/2-1/2

[Event "Lotto POL-ch 2018"]
[Site "Warsaw"]
[Date "2018.05.17"]
[Round "6"]
[White "Wojtaszek, Radoslaw"]
[Black "Duda, Jan-Krzysztof"]
[Result "0-1"]
[WhiteElo "2750"]
[BlackElo "2724"]
[Annotator "TA"]
[PlyCount "110"]
[EventDate "2018.??.??"]
[EventType "tourn"]
[EventCountry "POL"]
[SourceTitle "playchess.com"]
[Source "ChessBase"]
[SourceQuality "1"]

{[%evp 9,110,18,50,52,43,44,42,48,50,40,47,46,66,17,27,19,27,12,17,6,8,14,20,15,3,0,6,-5,0,-7,-8,-13,-21,-12,-8,0,39,34,30,26,26,11,25,0,0,0,6,0,6,0,0,0,0,0,5,0,6,6,31,0,0,0,13,0,0,0,29,0,0,0,0,0,0,-14,0,-27,-17,-39,-39,-39,-34,-25,0,-29,-17,-39,-54,-25,-31,-25,-29,-133,-140,-222,-210,-214,-236,-241,-253,-238,-243,-195,-156]} 1. d4 Nf6 2. c4 e6 3. Nf3 d5 4. Nc3 dxc4 5. e4 {[%cal Be2e4,Be4e5][%mdl 32]} b5 (5... Bb4 6. Bg5 h6 7. Bxf6 Qxf6 8. Bxc4 c5 9. O-O cxd4 10. e5 Qd8 11. Ne4 O-O 12. Qe2 Be7 13. Rad1 Qc7 14. Bd3 Nd7 15. Rc1 Qa5 16. g4 Nxe5 17. Nxe5 Qxe5 {0-1 (37) Aronian,L (2794)-Caruana,F (2784) Berlin 2018}) 6. e5 {D24: Queen's Gambit Accepted: 3 Nf3 Nf6 4 Nc3} Nd5 7. Nxb5 Nb6 8. Be2 {White is slightly better.} Be7 9. O-O Nc6 10. Be3 O-O 11. Qd2 Rb8 12. Rfd1 Bb7 $146 ({Predecessor:} 12... Nb4 13. b3 {½-½ (29) Deac,B (2559)-Volokitin,A (2668) Calimanesti Caciulata 2016}) 13. b3 a6 14. Nc3 cxb3 15. axb3 Nb4 16. Bg5 Nd7 17. Qf4 c5 18. Rac1 (18. Qg3 {seems wilder.} Kh8 19. dxc5 Bxf3 20. Bxe7 Qxe7 21. Qxf3 Nxc5 22. Ne4) 18... cxd4 19. Bxe7 Qxe7 20. Rxd4 Bxf3 21. Bxf3 Nc5 22. Rcd1 ({Avoid the trap} 22. Rxb4 $2 Nd3 $19) 22... Nbd3 23. R4xd3 Nxd3 24. Rxd3 Rxb3 25. Bd1 Qb4 26. Qxb4 (26. Qd2 {feels hotter.} Ra3 27. g3 Qa5 28. Ne4 Ra1 29. Qxa5 Rxa5 30. f4) 26... Rxb4 27. g3 a5 28. h4 Rc8 29. Kg2 Kf8 30. f4 Ke7 31. Kf3 Rcc4 32. Ke3 h6 33. h5 Ke8 34. Bc2 Kf8 35. Bd1 Ke7 36. Bc2 Rc7 37. Bd1 Rcc4 38. Bc2 Rc7 39. Bd1 Rd7 40. Rxd7+ Kxd7 41. g4 Ke7 42. f5 Rc4 43. Na4 Rc1 {[%mdl 1024] Black has compensation.} 44. Kd2 Rc8 45. Ke3 Rc1 46. Kd2 $1 {[%cal Rd2c1]} Rc7 47. Ke3 f6 48. exf6+ Kxf6 49. fxe6 $1 Kxe6 50. Nb2 (50. Nb6 $1 $11) 50... Kf6 $17 51. Nd3 {[#]} (51. Be2 $17) 51... Kg5 $1 $19 52. Ne5 Rc1 53. Kd2 Rc5 54. Nd3 Rc4 55. Ne5 Re4 {Precision: White = 38%, Black = 74%.} 0-1

[Event "Lotto POL-ch 2018"]
[Site "Warsaw"]
[Date "2018.05.17"]
[Round "6"]
[White "Piorun, Kacper"]
[Black "Tomczak, Jacek"]
[Result "1/2-1/2"]
[WhiteElo "2633"]
[BlackElo "2589"]
[Annotator "TA"]
[PlyCount "71"]
[EventDate "2018.??.??"]
[EventType "tourn"]
[EventCountry "POL"]
[SourceTitle "playchess.com"]
[Source "ChessBase"]
[SourceQuality "1"]

{[%evp 20,71,60,65,70,65,95,49,54,24,21,21,10,8,29,14,22,0,0,0,0,-8,-10,-7,-7,-9,0,0,0,0,8,0,0,0,0,0,164,160,159,152,114,121,111,0,0,0,0,0,0,0,0,0,0,0]} 1. Nf3 c5 2. c4 Nf6 3. Nc3 d5 4. cxd5 Nxd5 5. d4 Nxc3 6. bxc3 cxd4 {A34: Symmetrical English: 2 Nc3, lines with ...d5} (6... g6 7. e4 Bg7 8. Be3 Qa5 9. Qd2 O-O 10. Rc1 Nd7 11. Bd3 e5 12. dxe5 Nxe5 13. Nxe5 Bxe5 14. Bc4 Be6 15. Bxe6 fxe6 16. O-O Qc7 17. g3 Rad8 18. Qe2 c4 {½-½ (31) Gledura,B (2615)-Vidit,S (2707) Malmo 2018}) 7. cxd4 e5 8. dxe5 Qxd1+ 9. Kxd1 Nc6 10. e3 Bg4 11. Bb5 {LiveBook: 4 Games} O-O-O+ 12. Ke2 $1 Bb4 13. h3 Bf5 $146 ({Predecessor:} 13... Bxf3+ 14. gxf3 Nxe5 {½-½ (14) Straka,J (2246)-Khamitskiy,S (2333) Frydek Mistek 2010}) 14. Bd2 Bxd2 15. Nxd2 {Black must now prevent Rhc1.} Nxe5 16. g4 Rd5 17. gxf5 Rhd8 18. Rac1+ Kb8 19. Nb3 {[#] Threatens to win with Nd4.} Rxb5 20. Rhd1 (20. Rc5 {is more complex.} Rxc5 21. Nxc5 Rc8 22. Rc1 b5 23. Rc3) 20... Rxd1 21. Rxd1 $11 {[%mdl 4096] Endgame KRN-KRN} Nc6 22. e4 Kc7 23. f4 g6 {[%cal Bg7g6,Bg6g5][%mdl 32]} 24. f6 g5 25. Nd4 Nxd4+ 26. Rxd4 gxf4 {KR-KR} 27. Kf3 Rb1 $2 {[#]} (27... Ra5 $11 {and Black has nothing to worry.}) 28. e5 $1 $18 {[%cal Re5e6]} Re1 29. Kxf4 h6 30. Kf5 Re2 31. Rh4 (31. h4 $16) 31... Kd7 $11 {The position is equal.} ({Much worse is} 31... Rxa2 $6 32. e6 $16) 32. Rxh6 Rf2+ 33. Ke4 Re2+ 34. Kd4 Rd2+ 35. Ke4 Re2+ 36. Kd4 {Precision: White = 59%, Black = 62%.} 1/2-1/2